000 00892nam a2200217Ia 4500
003 CO-CtgCURN
005 20250407233340.0
008 190722s9999 xx 000 0 und d
020 _a9586760308
040 _aCO-CtgCURN
_bspa
_ccoctgcurn
082 _a342.085
_bP397s
100 _aPenagos, Gustavo
245 0 _aEl silencio administrativo :
_borigen-fundamento-procedimiento para hacerlo efectivo-silencio y via gubernativa-Invalidez-responsabilidad de la administracion-silencio administrativo y accion de tutela /
_cGustavo Penagos
260 _aBogotá, Colombia :
_bEdiciones Doctrina y Ley,
_c1997
300 _a273 páginas ;
_c23 centímetros
521 _aAREA PROFESIONAL
590 _aPrograma de Derecho_18
650 _aDerecho administrativo
942 _cBK
_h342.085
_iP397s
_2ddc
_n0
999 _c28426
_d28426